000 01043nam a22002177a 4500
001 6880
003 FISKH
005 20250604112227.0
008 250604b cb ||||| |||| 00| 0 eng d
020 _a9781108742856
040 _aFISKH
_beng
_cFISKH
_dFISKH
082 _a500
100 _aJones, Mary
245 _aCambridge Lower Secondary :
_bWorkbook 8 /
_cBy Mary Jones, Diane Fellowes-Freeman & Michael Smyth
250 _aFirst published 2012
260 _aNew York :
_bCambridge University Press ,
_c2012.
300 _a202 pages :
_billustrations ;
_c30 cm .
520 _aDiscover our new resources for the Cambridge International Primary and Lower Secondary Curriculum Frameworks These workbooks are full of activities to help you practise what you have learnt and encourage you to think and work scientifically. Focus, Practice and Challenge exercises provide clear progression so you can see what you have achieved. Your teacher may use them in the classroom, or to set your homework.
942 _2ddc
_cBK
_n0
999 _c6880
_d6880